LEADER 01012nam a22002771i 4500 001 991000768769707536 005 20040130120524.0 008 040220s1974 it |||||||||||||||||ita 035 $ab12667742-39ule_inst 035 $aARCHE-066608$9ExL 040 $aDip.to Scienze pedagogiche$bita$cA.t.i. Arché s.c.r.l. Pandora Sicilia s.r.l. 082 04$a133.9 100 1 $aGuénon, René$0384648 245 10$aErrore dello spiritismo /$cRené Guénon ; traduzione dal francese di Pietro Nutrizio e Luigi Grozio 260 $aMilano :$bRusconi,$c1974 300 $a398 p. ;$c21 cm 440 0$aCultura nuova 650 4$aSpiritismo 700 1 $aNutrizio, Pietro 700 1 $aGrozio, Luigi 907 $a.b12667742$b02-04-14$c17-03-04 912 $a991000768769707536 945 $aLE022 MPs-S 118 D 31$g1$i2022000175807$lle022$o-$pE0.00$q-$rl$s- $t0$u0$v0$w0$x0$y.i13175919$z17-03-04 996 $aErrore dello spiritismo$9272760 997 $aUNISALENTO 998 $ale022$b17-03-04$cm$da $e-$fita$git $h0$i1 LEADER 00976nam 2200373 450 001 9910163289003321 005 20230810001855.0 010 $a1-5154-1531-7 035 $a(CKB)3710000001033258 035 $a(MiAaPQ)EBC4790674 035 $a(EXLCZ)993710000001033258 100 $a20170210h20172017 uy| 1 101 0 $aeng 135 $aurcnu|||||||| 181 $2rdacontent 182 $2rdamedia 183 $2rdacarrier 200 10$aAgnes Grey /$fby Acton Bell 210 1$a[Lanham, Maryland] :$cDancing Unicorn Books,$d[2017] 210 4$d©2017 215 $a1 online resource (143 pages) 606 $aGovernesses$vFiction 606 $aSingle women$vFiction 607 $aEngland$vFiction 615 0$aGovernesses 615 0$aSingle women 700 $aBell$b Acton$01379368 801 0$bMiAaPQ 801 1$bMiAaPQ 801 2$bMiAaPQ 906 $aBOOK 912 $a9910163289003321 996 $aAgnes Grey$93418915 997 $aUNINA LEADER 03667nam 22006375 450 001 9910254265003321 005 20251116172727.0 010 $a3-319-43214-1 024 7 $a10.1007/978-3-319-43214-4 035 $a(CKB)3710000001307008 035 $a(MiAaPQ)EBC4852289 035 $a(DE-He213)978-3-319-43214-4 035 $a(PPN)201473739 035 $a(iGPub)SPNA0048865 035 $a(EXLCZ)993710000001307008 100 $a20170501d2016 u| 0 101 0 $aeng 135 $aurcnu|||||||| 181 $2rdacontent 182 $2rdamedia 183 $2rdacarrier 200 10$aBowel Dysfunction $eA Comprehensive Guide for Healthcare Professionals /$fedited by Brigitte Collins, Elissa Bradshaw 205 $a1st ed. 2016. 210 1$aCham :$cSpringer International Publishing :$cImprint: Springer,$d2016. 215 $a1 online resource (270 pages) 300 $aIncludes index. 311 08$a3-319-43212-5 320 $aIncludes bibliographical references and index. 327 $aPart 1. Introduction -- 1. Background to bowel function and rationale for writing the book -- 2. Normal anatomy and physiology of bowel function with a view to including detail on the pelvic floor -- 3. Epidemiology Constipation and FI -- 4. Investigations: Anorectal Physiology -- Part 2. Causes and Assessment of Bowel Dysfunction -- 5. Causes of constipation/evacuatory dysfunction -- 6. The Assessment of Constipation and Evacuatory Disorders -- 7. Causes of faecal incontinence -- 8. The Assessment of Faecal Incontinence -- Part 3. Treatments for Bowel Dysfunction -- 9. Conservative management -- 10. Food choice as a Management Strategy in Bowel Dysfunction -- 11. Pharmacological therapy -- 12. Rectal Irrigation -- 13. Neuromodulation -- 14. Surgery -- 15. Psychological medicine for bowel dysfunction. . 330 $aThis definitive guide for healthcare professionals looks at functional disorders of the gastrointestinal tract and pelvic floor, as well as the treatments used within the current healthcare context. The chapters help the readers to access and understand relevant information within a variety of clinical settings and scenarios. Bowel Dysfunction - A Comprehensive Guide for Healthcare Professionals is useful to a variety of disciplines including Physicians, Nurses and Physiotherapists, who work within the field of gastrointestinal care. Written by a team of expert colorectal specialists, it presents a definitive guide to care of the patient group. 606 $aNursing 606 $aGastroenterology 606 $aRectum?Surgery  606 $aNursing$3https://scigraph.springernature.com/ontologies/product-market-codes/H41005 606 $aGastroenterology$3https://scigraph.springernature.com/ontologies/product-market-codes/H33061 606 $aColorectal Surgery$3https://scigraph.springernature.com/ontologies/product-market-codes/H59036 606 $aMalalties intestinals$2thub 606 $aTracte gastrointestinal$2thub 606 $aSòl pelvià$2thub 608 $aLlibres electrònics$2thub 615 0$aNursing. 615 0$aGastroenterology. 615 0$aRectum?Surgery . 615 14$aNursing. 615 24$aGastroenterology. 615 24$aColorectal Surgery. 615 7$aMalalties intestinals. 615 7$aTracte gastrointestinal 615 7$aSòl pelvià 676 $a616.34 702 $aCollins$b Brigitte$4edt$4http://id.loc.gov/vocabulary/relators/edt 702 $aBradshaw$b Elissa$4edt$4http://id.loc.gov/vocabulary/relators/edt 906 $aBOOK 912 $a9910254265003321 996 $aBowel Dysfunction$92509741 997 $aUNINA